| 000 | 01139nam a22003497a 4500 | ||
|---|---|---|---|
| 003 | CHAP | ||
| 005 | 20220329134305.0 | ||
| 008 | 971013s1956 r 00010 d | ||
| 010 | _a18214 | ||
| 011 | _a19186 | ||
| 035 | _a23271 | ||
| 040 | _cCHAP | ||
| 082 |
_a330.9 _bB56 |
||
| 100 | 0 | 0 |
_aBlodgett, Ralph H. _913196 |
| 245 | _aComparative economic development | ||
| 260 |
_aNew York : _bMcGraw-Hill, _c1956 |
||
| 300 | _a557 p. | ||
| 590 |
_aBATCH-UPD _b10 _c20130110 _lUCH01 _h0021 |
||
| 590 |
_aBATCH-UPD _b10 _c20130110 _lUCH01 _h2139 |
||
| 590 |
_aBATCH-UPD _b10 _c20130409 _lUCH01 _h2000 |
||
| 590 |
_aBATCH-UPD _b10 _c20130410 _lUCH01 _h1448 |
||
| 590 |
_aBATCH-UPD _b10 _c20130914 _lUCH01 _h0645 |
||
| 590 |
_aCONVERSION _b10 _c20130109 _lUCH01 _h1311 |
||
| 650 | 1 | 4 |
_aAlemania _xCondiciones economicas. _93765 |
| 650 | 1 | 4 |
_aE.U.A. _xCondiciones económicas. _934838 |
| 650 | 1 | 4 |
_aGran Bretaña _xCondiciones económicas. _950304 |
| 650 | 1 | 4 |
_aU.R.S.S. _xCondiciones económicas. _9115764 |
| 700 | 0 |
_aKemmerer, Donald L. _962983 |
|
| 901 | _aBK | ||
| 942 | _cLIBRO | ||
| 949 |
_a330.9 B56 _bBC _cLIBRO _d33724000318648 _eLIBRO _i23271 _mD _si |
||
| 999 |
_c18214 _d18214 |
||